1341 1772 1804 1077 1027 1046 1778 1965 1725 1537 1240 1039 1950 1715 1188 1180 1545 1468 1299 1557 1649 1574 1594 1220 1385 1382 1014 1148 1778 1635 1730 1496 1768 1624 1509 1393 1785 1585 1505 1698 1563 1515 1501 1541 1527 1245 1992 1532 1705 1827 1336 1372 1186 1499 1762 1582 1276 1902 1761 1056 1619 1545 1041 1370 1232 1960 1417 1689 1288 1295 1385 1375 1974 1439 1721 1022 1797 1951 1644 1585 1518 1444 1877 1538 1322 1215 1710 1369 1869 1419 1304 1929 1008 1940 1199 1528 1069 1652 1106 BCNSPRNW ULIB Ver.6.0+V

เปลี่ยนเป็นภาษาไทย

Change to English
 แสดงรายละเอียดบรรณานุกรม
  กลับหน้าหลัก

Brief Record : Get Marc (ISO 2709) : E-mail record : QR code < ปิดหน้าต่าง
LEADER : 00000nam 2200000uu 4500
001    13399111859
003     ULIB
008    110711s||||||||th 000 0 tha d
020    9748317897
020    9789748317892
050  4 BF698^bศ272ท 2548
100 0  ศรีเรือน แก้วกังวาล
245 10 ทฤษฎีจิตวิทยาบุคลิกภาพ :^bรู้เรา รู้เขา /^cศรีเรือน แก้วกังวาล
246 30 รู้เรา รู้เขา
250    พิมพ์ครั้งที่ 12
260    กรุงเทพฯ :^bหมอชาวบ้าน,^c2548
300    411 (7) หน้า ;^c21 ซม.
504    มีบรรณานุกรมและดัชนี
650  7 การดำเนินชีวิต
650  7 การปรับตัว (จิตวิทยา)
650  7 จิตวิทยา
650  7 บุคลิกภาพ
945    ^p245^l0^i18320
945    ^p245^l0^i18321
945    ^p245^l0^i18355
945    ^p245^l0^i14992
945    ^p245^l0^i13899
945    ^p245^l0^i13919
995    กัณชพร
999    ^aใช้งานได้ทุกระบบ
รายการนี้ยังไม่มีแท็ก
คุณยังไม่ได้ล็อกอิน คุณสามารถมีกิจกรรมร่วมกับเว็บไซต์ได้ แต่ต้องล็อกอินก่อน ::
  ล็อกอิน

รายการสื่อสารสนเทศ

ลำดับที่ ประเภท เลขเรียก/บาร์โค้ด สถานที่ สถานะ
1. การศึกษาทั่วไป
การศึกษาทั่วไป
BF698 ศ272ท 2548 ฉ.5 
  Barcode: 13899
ห้องสมุดวิทยาเขตสวรรค์ประชารักษ์
►นวนิยาย
บนชั้น
  ขอยืม
2. การศึกษาทั่วไป
การศึกษาทั่วไป
BF698 ศ272ท 2548 ฉ.6 
  Barcode: 13919
ห้องสมุดวิทยาเขตสวรรค์ประชารักษ์
►นวนิยาย
บนชั้น
  ขอยืม

รายการใกล้เคียง
    ผู้แต่ง [ศรีเรือน แก้วกังวาล]

    หัวเรื่อง [การดำเนินชีวิต]
    หัวเรื่อง [การปรับตัว (จิตวิทยา)]
    หัวเรื่อง [จิตวิทยา]
    หัวเรื่อง [บุคลิกภาพ]

BibComment


ยังไม่เคยถูกคอมเมนท์

คอมเมนท์ทรัพยากรรายการนี้
  คอมเมนท์: ทฤษฎีจิตวิทยาบุคล..


 Copyright 2026. Bcnsprnw @Library